000 00751nam a22002657a 4500
001 BR0704717
003 BR-BrBNA
005 20230928102527.0
007 ta
008 230509b bl.||||| |||| 00| 0 por d
040 _aBR-BrBNA
_bpor
_cBiblioteca Nacional de Agricultura
041 _a(Por)
072 _aL01
_b5212
090 _ 5212 BR0704717
100 1 _aSilva, R.F. e
245 1 _aZebunisação no Brasil
260 3 _aRio de Janeiro, GB (Brasil):
_c1939.
300 _a32 p.
500 _aReprint of "Anais do 2. Congresso Brasileiro de Agronomia"; Documento microfilmado e tratado BR7316227
650 _aGADO ZEBU
650 _aCRIAÇÃO
650 _aPRODUÇÃO ANIMAL
909 _a202309
_bLucia
_c55
_dLucia Elande
942 _cBK
999 _c71210
_d71210